Darul uloom deoband. bartanvi hind me musalmano ka nizam e taleem aik naqidana jaiza (Jild-1) / برطانوی ہند میں مسلمانون کا نظام تعلیم ایک ناقدانہ جا یؑزہ دارالعلوم دیوبند (Urdu) / (Record no. 187994)
[ view plain ]
| 000 -LEADER | |
|---|---|
| fixed length control field | 00647 a2200157 4500 |
| 003 - CONTROL NUMBER IDENTIFIER | |
| control field | NUST |
| 005 - DATE AND TIME OF LATEST TRANSACTION | |
| control field | 20230222123445.0 |
| 040 ## - CATALOGING SOURCE | |
| Transcribing agency | Nust |
| 082 ## - DEWEY DECIMAL CLASSIFICATION NUMBER | |
| Classification number | 297.4,JAL |
| 100 ## - MAIN ENTRY--PERSONAL NAME | |
| Personal name | Jalandhari, Dr Rasheed ahmed |
| 9 (RLIN) | 109469 |
| 245 ## - TITLE STATEMENT | |
| Title | Darul uloom deoband. bartanvi hind me musalmano ka nizam e taleem aik naqidana jaiza (Jild-1) / برطانوی ہند میں مسلمانون کا نظام تعلیم ایک ناقدانہ جا یؑزہ دارالعلوم دیوبند (Urdu) / |
| Statement of responsibility, etc. | Dr Rasheed ahmed Jalandhari |
| 260 ## - PUBLICATION, DISTRIBUTION, ETC. | |
| Place of publication, distribution, etc. | Islamabad |
| Name of publisher, distributor, etc. | National Book Foundation |
| Date of publication, distribution, etc. | 1989 |
| 300 ## - PHYSICAL DESCRIPTION | |
| Extent | 286 p.; |
| 650 ## - SUBJECT ADDED ENTRY--TOPICAL TERM | |
| Topical term or geographic name entry element | Sufisam Urdu |
| 9 (RLIN) | 109470 |
| 942 ## - ADDED ENTRY ELEMENTS (KOHA) | |
| Source of classification or shelving scheme | |
| Koha item type | Book |
| Call number prefix | 297.4,JAL |
| Withdrawn status | Lost status | Source of classification or shelving scheme | Damaged status | Not for loan | Permanent Location | Current Location | Shelving location | Date acquired | Full call number | Barcode | Date last seen | Price effective from | Koha item type | Public note |
|---|---|---|---|---|---|---|---|---|---|---|---|---|---|---|
| Military College of Signals (MCS) | Military College of Signals (MCS) | General Stacks | 12/12/2016 | 297.4,JAL | MCS34126 | 12/08/2016 | 12/12/2016 | Book | Almirah No.64, Shelf No.1 |
